ロード中...

The illustrated history of art

書誌詳細
第一著者: Piper, David; Author
フォーマット: Printed Book
出版事項: London, Bounty Books 2004
主題:
LEADER 006780000a22002410004500
020 |a 0-7537-0969-4 
082 |a 700.9 P4 
100 |a Piper, David; Author 
245 |a The illustrated history of art 
250
260 |a London, Bounty Books 
260 |c 2004 
460 |a 538p 
465 |a Rs.1,950.00 
500 |a David Piper 
500 |a Includes biblographical references and index 
650 |a Arts 
650 |a Arts, Medieval 
650 |a Arts, Modern 
650 |a History 
942 |c BK 
999 |c 35157  |d 35157 
952 |0 0  |1 0  |4 0  |6 700_900000000000000_P4  |7 0  |8 REF  |9 35533  |a MGUL  |b MGUL  |d 2013-07-16  |e Rs.1,950.00  |l 0  |o 700.9 P4  |p 35265  |r 2013-07-16  |w 2013-07-16  |y REF